| 000 | 00733nam a2200217 i 4500 | ||
|---|---|---|---|
| 001 | 171639 | ||
| 003 | ES-MaACL | ||
| 005 | 20250731070136.0 | ||
| 008 | 090525s1980 sp |||| | spa d | ||
| 080 | _a821.134.2-3-09"19"(04) | ||
| 100 | 1 |
_aSoldevila Durante, Ignacio. _9140308 |
|
| 245 | 1 | 0 |
_aLa novela desde 1936 / _cIgnacio Soldevila Durante. |
| 250 | _a[1ª ed.]. | ||
| 260 |
_a[Madrid] : _bAlhambra, _c[1980] |
||
| 300 |
_aV, 482 p. ; _c20 cm. |
||
| 490 | 1 |
_aHistoria de la literatura española actual ; _v2 |
|
| 650 | 0 | 4 |
_aNovela española- _yS.XX- _xHistoria y crítica _915617 |
| 830 | 0 |
_aHistoria de la literatura española actual ; _v2 _9189031 |
|
| 852 |
_aES-MaACL _jC-32084 _9R.100329 |
||
| 999 |
_c171639 _d171639 |
||